| 000 | 00736cam a22002293a 4500 | ||
|---|---|---|---|
| 001 | 24404 | ||
| 003 | PGUSA | ||
| 005 | 20140828083524.0 | ||
| 008 | 080122s2008||||xxu|||||s|||||000 | eng d | ||
| 040 |
_aPGUSA _beng |
||
| 042 | _adc | ||
| 050 | 4 | _aHV | |
| 100 | 1 |
_aWainwright, Jonathan Mayhew, _d1792-1854 |
|
| 245 | 1 | 2 |
_aA Sermon Preached on the Anniversary of the Boston Female Asylum for Destitute Orphans, September 25, 1835 _h[electronic resource] / _cJonathan Mayhew Wainwright |
| 260 |
_bProject Gutenberg, _c2008 |
||
| 506 | _aPublic domain in the USA. | ||
| 516 | _aElectronic text | ||
| 653 | _aCharity -- Sermons | ||
| 830 | 0 |
_aProject Gutenberg _v24404 |
|
| 856 | 4 | 0 | _uhttp://www.gutenberg.org/ebooks/24404 |
| 942 | _cEB | ||
| 999 |
_c253659 _d253659 |
||